[Event "GER Pfingstopen U25"]
[Site "Playchess.com INT"]
[Date "2020.06.02"]
[Round "9"]
[White "Kern, Leopold Xaver"]
[Black "Scheifel, Maximilian"]
[Result "1-0"]
[WhiteElo "1620"]
[BlackElo "1620"]
[PlyCount "105"]
[EventDate "2020.06.02"]
[EventType "swiss (blitz)"]
[EventRounds "11"]
[EventCountry "GER"]
[SourceTitle "CBM 197 Extra"]
[Source "ChessBase"]
[SourceDate "2020.09.30"]
[SourceVersion "1"]
[SourceVersionDate "2020.09.30"]
[SourceQuality "1"]

1. e4 e5 2. Nf3 Nf6 3. Bc4 Nxe4 4. d3 Nf6 5. Nxe5 d5 6. Bb3 Qe7 7. Qe2 Nbd7 8. f4 Nxe5 9. fxe5 Nd7 10. 0-0 c6 11. d4 Qd8 12. Qf3 f6 13. Bg5 Be7 14. e6 Nb6 15. Bh4 0-0 16. Re1 Re8 17. c3 Bd6 18. Qf5 Qe7 19. Bc2 g6 20. Qxf6 Qxf6 21. Bxf6 Bxe6 22. Nd2 Bf7 23. Nf3 Rxe1+ 24. Rxe1 Re8 25. Rxe8+ Bxe8 26. Ne5 Bxe5 27. Bxe5 Nc4 28. b3 Nxe5 29. dxe5 c5 30. Kf2 Kf7 31. Ke3 Ke6 32. Kf4 Bc6 33. h4 d4 34. cxd4 cxd4 35. g4 h5 36. Bxg6 hxg4 37. Bf5+ Kd5 38. Bxg4 Kc5 39. e6 Kb4 40. e7 Kc3 41. Ke5 d3 42. h5 d2 43. h6 Bd7 44. Bd1 Kb2 45. Kd6 Bc6 46. h7 Kc1 47. Bg4 d1Q+ 48. Bxd1 Kxd1 49. h8Q Kc2 50. e8Q Bxe8 51. Qxe8 Kb2 52. Qa4 a6 53. Kc5 1-0

[Event "GER Pfingstopen U25"]
[Site "Playchess.com INT"]
[Date "2020.06.02"]
[Round "1"]
[White "Kopylov, Daniel"]
[Black "Kern, Leopold Xaver"]
[Result "1-0"]
[WhiteElo "2055"]
[BlackElo "1620"]
[PlyCount "37"]
[EventDate "2020.06.02"]
[EventType "swiss (blitz)"]
[EventRounds "11"]
[EventCountry "GER"]
[SourceTitle "CBM 197 Extra"]
[Source "ChessBase"]
[SourceDate "2020.09.30"]
[SourceVersion "1"]
[SourceVersionDate "2020.09.30"]
[SourceQuality "1"]

1. e4 d5 2. exd5 Nf6 3. c4 e6 4. d4 exd5 5. Nc3 Bg4 6. Qb3 dxc4 7. Bxc4 Qe7+ 8. Nge2 b6 9. 0-0 Nbd7 10. Nf4 0-0-0 11. Ncd5 Qd6 12. Nd3 Nxd5 13. Bxd5 Nf6 14. Bxf7 Qxd4 15. Be6+ Bxe6 16. Qxe6+ Kb8 17. Ne5 Re8 18. Nc6+ Kb7 19. Nxd4 1-0

[Event "Landesliga Sued U20 1819"]
[Site "Bayern"]
[Date "2018.11.17"]
[Round "1.2"]
[White "Kern, Leopold Xaver"]
[Black "Piffczyk, Maik"]
[Result "1-0"]
[WhiteElo "1645"]
[BlackElo "1290"]
[PlyCount "75"]
[EventDate "2018.11.17"]
[EventType "team-tourn"]
[EventRounds "7"]
[EventCountry "GER"]
[SourceTitle "EXT 2022"]
[Source "ChessBase"]
[SourceDate "2021.10.06"]
[SourceVersion "1"]
[SourceVersionDate "2021.10.06"]
[SourceQuality "1"]
[WhiteTeam "Dorfen PSV U20"]
[BlackTeam "Garching U20"]
[WhiteTeamCountry "GER"]
[BlackTeamCountry "GER"]

1. e4 c5 2. Nf3 d6 3. d4 cxd4 4. Nxd4 Nf6 5. Nc3 g6 6. Be3 Bg7 7. Be2 0-0 8. f3 Nc6 9. Qd2 Bd7 10. g4 Nxd4 11. Bxd4 Qc7 12. h4 Ne8 13. h5 Bxd4 14. Qxd4 Qc5 15. Qxc5 dxc5 16. 0-0-0 Bc6 17. Nd5 Bxd5 18. Rxd5 b6 19. Rd7 e6 20. hxg6 hxg6 21. e5 Ng7 22. Rhd1 f6 23. exf6 Rxf6 24. Bd3 Rxf3 25. Be4 Rff8 26. Bxa8 Rxa8 27. Rd8+ Rxd8 28. Rxd8+ Kh7 29. Ra8 e5 30. Rxa7 Kh6 31. Re7 Kg5 32. Rxg7 e4 33. Kd2 Kxg4 34. Rxg6+ Kf3 35. Rf6+ Kg3 36. Ke3 Kg4 37. Kxe4 Kg5 38. Rf1 1-0